000 00963nam a2200289 a 4500
001 000014410
005 20250218125615.0
008 091212s2001 sp 000 f spa d
020 _a8420484385
040 _aDO-SdBNP
_bspa
_cBNPHU
041 1 7 _aspa
_hpor
_2Código de idioma MARC
082 _aB869.34
_bS243m, 2001
100 1 _aSaramago, José,
_d1922-2010
_912950
240 1 0 _aMemorial do convento.
_lEspañol
245 1 0 _aMemorial del convento /
_cJosé Saramago ; traducción de Basilio Losada.
250 _a7a ed.
260 _aMadrid :
_bAlfaguara,
_c2001.
300 _a467 p. ;
_c22 cm.
490 1 _aBiblioteca José Saramago
534 _pTítulo original en portugués:
_tMemorial do convento
_cLisboa : Caminho, 1982
650 4 _aNovela portuguesa
_912951
650 4 _aLiteratura portuguesa
_ySIGLO XX
_913685
700 1 _aLosada, Basilio,
_etr.
_912953
830 0 _aBiblioteca José Saramago
_928477
910 _aWM
049 _aBNGR
999 _c14001
_d14001